Cast of 1 Girl 5 Gays Quiz Stats

Quiz not verified by Sporcle

Challenge
Share
Tweet
Embed
Score 0/24 Timer 07:00
0 Plays Today
Number of Appearances Cast Member % Correct
12Michael Yerxa
91.3%
26 (Host)Aliya-Jasmine Sovani
91.1%
15David Robert
91.1%
11Matt Barker
89.8%
13Juan Gonzalez-Calcaneo
86.3%
1Matt Sims
86.1%
12Jean-Paul Bevilacqua
85.9%
7Jonathan Nathaniel
85.3%
6Jonathan Morton-Schuster
83.8%
11Dean McArthur
83.4%
5Matthew Santos
81.7%
6Ian Lynch
77.6%
Number of Appearances Cast Member % Correct
2Andrew Edwards
77.2%
3Jake Mossop
76.3%
2Philip Tetro
74.5%
4Ish Furoz
69.9%
3Gerry King
60.2%
6Thomas Trafford
55.6%
6Simon Lysnes
53.5%
1Gaelan Love
32.4%
1Shawn Hitchins
20.7%
1Marc-Andrew Smith
19.3%
1Rex
19.1%
1Brett Ashley
16.4%

You're not logged in!

Compare scores with friends on all Sporcle quizzes.
Sign Up with Email
OR
Log In

You Might Also Like...

Show Comments

Extras

Top Quizzes Today


Score Distribution

Your Account Isn't Verified!

In order to create a playlist on Sporcle, you need to verify the email address you used during registration. Go to your Sporcle Settings to finish the process.

Report this User

Report this user for behavior that violates our Community Guidelines.

Details: